[Event "Grodno-A"]
[Site "Grodno"]
[Date "2021.08.08"]
[Round "5"]
[White "Bazyrtsyrenov, Kirill"]
[Black "Tihonov, Jurij"]
[Result "0-1"]
[WhiteElo "2191"]
[BlackElo "2357"]
[PlyCount "44"]
[EventDate "2021.08.05"]
[EventType "tourn"]
[EventRounds "9"]
[EventCountry "BLR"]
[SourceTitle "EXT 2022"]
[Source "ChessBase"]
[SourceDate "2021.10.06"]
[SourceVersion "1"]
[SourceVersionDate "2021.10.06"]
[SourceQuality "1"]

1. e4 Nf6 2. e5 Nd5 3. d4 d6 4. c4 Nb6 5. f4 g6 6. Nc3 Bg7 7. Be3 Be6 8. Bd3 0-0 9. Qe2 dxe5 10. dxe5 Nc6 11. 0-0-0 Nd4 12. Qf2 c5 13. Nf3 f6 14. Bxd4 cxd4 15. Nxd4 Bg4 16. Be2 fxe5 17. Ne6 Bxe6 18. Rxd8 Raxd8 19. Qc5 exf4 20. Qxe7 Rfe8 21. Qxb7 Bf5 22. Rd1 f3 0-1

[Event "Grodno-A"]
[Site "Grodno"]
[Date "2021.08.07"]
[Round "4"]
[White "Tihonov, Jurij"]
[Black "Strybuk, Artsiom I"]
[Result "1/2-1/2"]
[WhiteElo "2357"]
[BlackElo "2241"]
[PlyCount "65"]
[EventDate "2021.08.05"]
[EventType "tourn"]
[EventRounds "9"]
[EventCountry "BLR"]
[SourceTitle "EXT 2022"]
[Source "ChessBase"]
[SourceDate "2021.10.06"]
[SourceVersion "1"]
[SourceVersionDate "2021.10.06"]
[SourceQuality "1"]

1. c4 Nf6 2. Nc3 g6 3. e4 d6 4. d4 Bg7 5. h3 0-0 6. Nge2 c5 7. Be3 Nc6 8. d5 Na5 9. Ng3 a6 10. Rc1 b5 11. cxb5 Nd7 12. b3 axb5 13. Bxb5 Ba6 14. Bxa6 Rxa6 15. Nb5 Qb8 16. a4 Rb6 17. 0-0 Rxb5 18. axb5 Qxb5 19. Rb1 Rb8 20. Qe2 Nxb3 21. Qxb5 Rxb5 22. Rfc1 e6 23. dxe6 fxe6 24. Rd1 Be5 25. f4 Bd4 26. Bxd4 cxd4 27. Ne2 Ndc5 28. Nc1 e5 29. Nxb3 Rxb3 30. Rxb3 Nxb3 31. Kf2 Kf7 32. Kf3 h5 33. fxe5 1/2-1/2

[Event "Grodno-A"]
[Site "Grodno"]
[Date "2021.08.05"]
[Round "1"]
[White "Tihonov, Jurij"]
[Black "Piliposyan, Robert"]
[Result "1/2-1/2"]
[WhiteElo "2357"]
[BlackElo "2113"]
[PlyCount "63"]
[EventDate "2021.08.05"]
[EventType "tourn"]
[EventRounds "9"]
[EventCountry "BLR"]
[SourceTitle "EXT 2022"]
[Source "ChessBase"]
[SourceDate "2021.10.06"]
[SourceVersion "1"]
[SourceVersionDate "2021.10.06"]
[SourceQuality "1"]

1. c4 Nf6 2. Nc3 e5 3. Nf3 Nc6 4. e3 Bb4 5. Nd5 e4 6. Ng1 0-0 7. Nxb4 Nxb4 8. a3 Nc6 9. b4 d5 10. Bb2 Re8 11. Qc2 d4 12. b5 Ne5 13. Qb3 c5 14. bxc6 Nxc6 15. Ne2 dxe3 16. dxe3 Ne5 17. Nf4 Qc7 18. Be2 Bg4 19. Bxg4 Nfxg4 20. h3 Qxc4 21. Qxc4 Nxc4 22. hxg4 Nxb2 23. Rb1 Nc4 24. Rxb7 Rab8 25. Rxb8 Rxb8 26. Rh5 Nxa3 27. Ra5 Rb1+ 28. Ke2 Rb2+ 29. Kf1 Nb5 30. g5 g6 31. g4 Kg7 32. Ra4 1/2-1/2

[Event "Bialystok Zamenhof Memorial 38th"]
[Site "Bialystok"]
[Date "2019.12.29"]
[Round "5"]
[White "Tihonov, Jurij"]
[Black "Marcinczyk, Monika"]
[Result "0-1"]
[WhiteElo "2394"]
[BlackElo "2010"]
[PlyCount "98"]
[EventDate "2019.12.27"]
[EventType "swiss"]
[EventRounds "9"]
[EventCountry "POL"]
[SourceTitle "CBM 194 Extra"]
[Source "ChessBase"]
[SourceDate "2020.03.31"]
[SourceVersion "1"]
[SourceVersionDate "2020.03.31"]
[SourceQuality "1"]

1. c4 e6 2. Nc3 d5 3. d4 a6 4. e3 Nf6 5. Nf3 Be7 6. a3 dxc4 7. Bxc4 b5 8. Ba2 c5 9. 0-0 Bb7 10. Qe2 Nbd7 11. Rd1 Qb6 12. e4 cxd4 13. Nxd4 Ne5 14. Bf4 Nfd7 15. Be3 Bc5 16. b4 Bxd4 17. Bxd4 Qc7 18. a4 Nc6 19. Nd5 Qb8 20. Bxg7 Rg8 21. Bc3 Rg6 22. Ne3 Qf4 23. Nf5 Nce5 24. Ng3 bxa4 25. Rac1 Bc6 26. Be1 Bb5 27. Qd2 Qh4 28. Rc7 Rh6 29. h3 Qf6 30. Qe3 Rd8 31. Bc3 Qh4 32. f4 Nc6 33. Nf5 exf5 34. exf5+ Ne7 35. Re1 Kf8 36. Qd4 Rf6 37. Bb1 Nc6 38. Qe3 Rd6 39. Kh2 Nf6 40. Qf3 Nd5 41. g3 Qh6 42. Rxc6 Bxc6 43. Be5 R6d7 44. h4 Ne7 45. Qf2 Qh5 46. Bc3 Rd1 47. f6 Rxe1 48. Qxe1 Nd5 49. Qe4 Re8 0-1

[Event "Suwalki Warakomska Memorial op 3rd"]
[Site "Suwalki"]
[Date "2019.08.06"]
[Round "2"]
[White "Tihonov, Jurij"]
[Black "Nasuta, Grzegorz"]
[Result "1/2-1/2"]
[WhiteElo "2393"]
[BlackElo "2533"]
[PlyCount "64"]
[EventDate "2019.08.05"]
[EventType "swiss"]
[EventRounds "9"]
[EventCountry "POL"]
[SourceTitle "CBM 191 Extra"]
[Source "ChessBase"]
[SourceDate "2019.09.30"]
[SourceVersion "1"]
[SourceVersionDate "2019.09.30"]
[SourceQuality "1"]

1. c4 g6 2. Nf3 Bg7 3. e4 e5 4. d4 exd4 5. Nxd4 Nf6 6. Nc3 0-0 7. Be3 c6 8. Be2 Re8 9. Bf3 d6 10. Nb3 Be6 11. Be2 Nbd7 12. Qxd6 Ng4 13. Bxg4 Bxg4 14. f3 Be6 15. 0-0-0 Qc8 16. Bd4 Bf8 17. Qg3 c5 18. Be3 Nb6 19. Na5 Nxc4 20. Nxc4 Bxc4 21. e5 Qe6 22. f4 Red8 23. Qf3 b5 24. Rxd8 Rxd8 25. Rd1 Rxd1+ 26. Qxd1 Qc6 27. b3 Be6 28. Qd8 Qd7 29. Qxd7 Bxd7 30. Ne4 Bc6 31. Nxc5 Bxg2 32. b4 Bxc5 1/2-1/2

[Event "Orsha op"]
[Site "Orsha"]
[Date "2019.01.21"]
[Round "6"]
[White "Tihonov, Jurij"]
[Black "Strybuk, Artsiom I"]
[Result "1-0"]
[WhiteElo "2399"]
[BlackElo "2110"]
[PlyCount "135"]
[EventDate "2019.01.18"]
[EventType "swiss"]
[EventRounds "9"]
[EventCountry "BLR"]
[SourceTitle "CBM 188 Extra"]
[Source "ChessBase"]
[SourceDate "2019.02.26"]
[SourceVersion "1"]
[SourceVersionDate "2019.02.26"]
[SourceQuality "1"]

1. Nf3 Nf6 2. c4 g6 3. Nc3 d5 4. cxd5 Nxd5 5. h4 Bg7 6. h5 Nxc3 7. bxc3 c5 8. g3 b6 9. Bg2 Bb7 10. Rb1 Nc6 11. Qa4 Qd7 12. Kf1 0-0-0 13. c4 Ne5 14. Qxa7 Bxf3 15. Qxd7+ Rxd7 16. Bxf3 Nxc4 17. d3 Ne5 18. Bg2 Kc7 19. Rh4 Nc6 20. Ra4 Rd4 21. Ra6 Rb8 22. Bd2 gxh5 23. a4 Rd6 24. a5 Nxa5 25. Bxa5 bxa5 26. Ra7+ Kc8 27. Rxb8+ Kxb8 28. Rb7+ Kc8 29. Rxe7 Bd4 30. e3 Bb2 31. Ke2 a4 32. Rxf7 a3 33. Ra7 h4 34. gxh4 Rh6 35. Bd5 Rxh4 36. Kf3 Rh1 37. Kg2 Rd1 38. Bc4 Rd2 39. Rxh7 Rxd3 40. Bxd3 a2 41. Rh1 a1Q 42. Rxa1 Bxa1 43. f4 Kd7 44. e4 Ke6 45. Kf3 Kf6 46. Bc4 Bd4 47. Ke2 Ba1 48. Bb3 Bb2 49. Kd2 Ba1 50. Bd1 Bd4 51. Kd3 Bb2 52. Bg4 Bd4 53. Kc4 Ke7 54. e5 Be3 55. f5 Bg5 56. Kd5 Bh4 57. Be2 c4 58. Bxc4 Bg5 59. Ke4 Bh4 60. Kf4 Kf8 61. f6 Be1 62. e6 Bb4 63. Be2 Ba3 64. Bh5 Bb4 65. Ke4 Bc5 66. Kd5 Bb4 67. Kc6 Ba3 68. Kd7 1-0

[Event "Orsha op"]
[Site "Orsha"]
[Date "2019.01.18"]
[Round "1"]
[White "Zeliantsova, Kseniya"]
[Black "Tihonov, Jurij"]
[Result "1-0"]
[WhiteElo "1858"]
[BlackElo "2399"]
[PlyCount "69"]
[EventDate "2019.01.18"]
[EventType "swiss"]
[EventRounds "9"]
[EventCountry "BLR"]
[SourceTitle "CBM 188 Extra"]
[Source "ChessBase"]
[SourceDate "2019.02.26"]
[SourceVersion "1"]
[SourceVersionDate "2019.02.26"]
[SourceQuality "1"]

1. e4 c5 2. Nf3 d6 3. d4 cxd4 4. Qxd4 a6 5. c4 Nc6 6. Qd1 Nf6 7. Nc3 Bg4 8. Be2 g6 9. Be3 Bg7 10. 0-0 0-0 11. Rc1 Bxf3 12. Bxf3 Nd7 13. Qd2 Rc8 14. Be2 Nc5 15. Bh6 Bxh6 16. Qxh6 e6 17. Rcd1 Qe7 18. f4 f6 19. Bf3 Rcd8 20. f5 Ne5 21. Be2 Ncd7 22. Qh3 Rfe8 23. Qg3 Kg7 24. b3 Rc8 25. Rd2 Rc6 26. Rfd1 Rec8 27. Bf1 b5 28. Ne2 Nc5 29. Qe3 exf5 30. exf5 bxc4 31. Nd4 Rb6 32. Bxc4 d5 33. Bxd5 Kh8 34. fxg6 Rd8 35. Nf5 1-0

[Event "Brest Black Pawn H op 2nd"]
[Site "Brest"]
[Date "2018.11.02"]
[Round "1"]
[White "Tihonov, Jurij"]
[Black "Furseev, Evgeniy"]
[Result "1-0"]
[WhiteElo "2400"]
[BlackElo "1667"]
[PlyCount "49"]
[EventDate "2018.11.02"]
[EventType "swiss"]
[EventRounds "5"]
[EventCountry "BLR"]
[SourceTitle "CBM 187 Extra"]
[Source "ChessBase"]
[SourceDate "2018.11.04"]
[SourceVersion "1"]
[SourceVersionDate "2018.11.04"]
[SourceQuality "1"]

1. d4 d5 2. c4 c6 3. Nf3 Nf6 4. Nc3 dxc4 5. a4 e6 6. e3 Bb4 7. Bxc4 Nd5 8. Qc2 Qa5 9. Bd2 Nxc3 10. bxc3 Bd6 11. e4 Qh5 12. h3 Be7 13. g4 Qa5 14. Bd3 b5 15. 0-0 bxa4 16. Rxa4 Qc7 17. c4 Nd7 18. c5 Nf6 19. Ne5 Bd7 20. Ba6 0-0 21. Ba5 Qb8 22. Rb1 Qe8 23. Bb7 h5 24. Bxa8 Qxa8 25. g5 1-0

[Event "Minsk Kupreichik Memorial op"]
[Site "Minsk"]
[Date "2018.06.21"]
[Round "4"]
[White "Tihonov, Jurij"]
[Black "Girshgorn, Maria"]
[Result "1/2-1/2"]
[WhiteElo "2385"]
[BlackElo "1949"]
[PlyCount "108"]
[EventDate "2018.06.21"]
[EventType "swiss (rapid)"]
[EventRounds "11"]
[EventCountry "BLR"]
[SourceTitle "CBM 185 Extra"]
[Source "ChessBase"]
[SourceDate "2018.07.29"]
[SourceVersion "1"]
[SourceVersionDate "2018.07.29"]
[SourceQuality "1"]

1. d4 Nf6 2. Nf3 g6 3. Bg5 Bg7 4. e3 d6 5. Be2 0-0 6. 0-0 Nbd7 7. c4 e5 8. Nc3 c6 9. Qc2 Qc7 10. Rfd1 exd4 11. Nxd4 Nc5 12. Rd2 Bd7 13. Rad1 Rad8 14. Bf4 Bg4 15. f3 Bc8 16. b4 Na6 17. a3 Nh5 18. Bg5 Rde8 19. e4 h6 20. Bh4 Nf4 21. Bf1 d5 22. exd5 cxd5 23. Ndb5 Qb6+ 24. Bf2 Qf6 25. cxd5 Bf5 26. Qb3 Qg5 27. Kh1 h5 28. d6 h4 29. d7 Rd8 30. Ne4 Bxe4 31. fxe4 h3 32. g3 Ng2 33. Qf3 f5 34. Bxg2 hxg2+ 35. Kxg2 fxe4 36. Qb3+ Kh7 37. Nd6 Qg4 38. Nxb7 Rf3 39. Qc4 Rxd7 40. Rxd7 Rxf2+ 41. Kg1 Qf3 42. Rxg7+ Kxg7 43. Qd4+ Kh7 44. Qxf2 Qxd1+ 45. Kg2 Qd5 46. Nc5 e3+ 47. Qf3 Qd2+ 48. Kh3 Nxc5 49. Qf7+ Kh6 50. Qf4+ Kh7 51. bxc5 Qd7+ 52. g4 e2 53. Qe5 Qd1 54. Qe7+ Kg8 1/2-1/2

[Event "Orsha op"]
[Site "Orsha"]
[Date "2018.02.03"]
[Round "8"]
[White "Tihonov, Jurij"]
[Black "Moskalenko, Alexander"]
[Result "0-1"]
[WhiteElo "2371"]
[BlackElo "2522"]
[PlyCount "104"]
[EventDate "2018.01.29"]
[EventType "swiss"]
[EventRounds "9"]
[EventCountry "BLR"]
[SourceTitle "CBM 182 Extra"]
[Source "ChessBase"]
[SourceDate "2018.02.23"]
[SourceVersion "1"]
[SourceVersionDate "2018.02.23"]
[SourceQuality "1"]

1. Nf3 c5 2. c4 Nc6 3. Nc3 g6 4. e3 Bg7 5. d4 d6 6. Be2 Bg4 7. d5 Nb8 8. e4 Nf6 9. 0-0 0-0 10. h3 Bxf3 11. Bxf3 Nbd7 12. Be3 a6 13. Be2 Ne8 14. Qd2 Nc7 15. a3 Re8 16. Rab1 Rb8 17. b4 e6 18. dxe6 Nxe6 19. Rfe1 Nd4 20. Bf1 Ne5 21. Kh1 Nec6 22. f3 Qh4 23. Nd5 Ne6 24. Bf2 Qd8 25. Bg3 Be5 26. f4 Bd4 27. Bd3 Nc7 28. Re2 Bg7 29. Ree1 b6 30. bxc5 bxc5 31. Rxb8 Qxb8 32. Rb1 Qc8 33. Qc2 Nd4 34. Qa4 Nxd5 35. cxd5 Nb5 36. Bxb5 axb5 37. Rxb5 c4 38. Rb6 c3 39. Rc6 Qb8 40. Kh2 h5 41. f5 gxf5 42. exf5 Qb2 43. Qf4 Qd2 44. f6 Qxf4 45. Bxf4 Bxf6 46. Rxd6 Kg7 47. Rc6 h4 48. d6 Re6 49. a4 Kg6 50. a5 Kf5 51. Rc4 Re2 52. d7 Rd2 0-1

[Event "Orsha op"]
[Site "Orsha"]
[Date "2018.02.01"]
[Round "6"]
[White "Tihonov, Jurij"]
[Black "Cherepov, Alexej"]
[Result "1-0"]
[WhiteElo "2371"]
[BlackElo "2156"]
[PlyCount "97"]
[EventDate "2018.01.29"]
[EventType "swiss"]
[EventRounds "9"]
[EventCountry "BLR"]
[SourceTitle "CBM 182 Extra"]
[Source "ChessBase"]
[SourceDate "2018.02.23"]
[SourceVersion "1"]
[SourceVersionDate "2018.02.23"]
[SourceQuality "1"]

1. d4 d5 2. Nf3 Nf6 3. e3 e6 4. c4 c5 5. Nc3 Nc6 6. a3 a6 7. dxc5 Bxc5 8. b4 Bd6 9. cxd5 exd5 10. Be2 0-0 11. Bb2 Re8 12. 0-0 Bc7 13. Rc1 Qd6 14. Re1 Bg4 15. g3 Rad8 16. Na4 Bb8 17. Nc5 Re7 18. Nd4 Bxe2 19. Qxe2 Nxd4 20. Bxd4 Rc7 21. Qb2 Qe7 22. Nb3 Rdc8 23. Rxc7 Rxc7 24. Rd1 Rd7 25. Nc5 Rd8 26. Bxf6 gxf6 27. Qb3 Ba7 28. Rxd5 Bxc5 29. bxc5 Rxd5 30. Qxd5 Kg7 31. Kg2 Qc7 32. h4 Qe7 33. a4 Qc7 34. Kf3 Qe7 35. e4 Qc7 36. h5 Qe7 37. Kf4 h6 38. Qd6 Qe8 39. a5 Qb5 40. Kf5 Qb2 41. f3 Qc3 42. f4 Qxg3 43. Qxf6+ Kg8 44. Qxh6 Qh3+ 45. Kg5 Qc3 46. Qf6 Qxc5+ 47. e5 Qd5 48. Kh6 Kf8 49. Qd6+ 1-0

[Event "Bialystok Zamenhof Memorial 36th"]
[Site "Bialystok"]
[Date "2017.12.27"]
[Round "1"]
[White "Tihonov, Jurij"]
[Black "Czernek, Tymon"]
[Result "1-0"]
[WhiteElo "2371"]
[BlackElo "2050"]
[PlyCount "41"]
[EventDate "2017.12.27"]
[EventType "swiss"]
[EventRounds "9"]
[EventCountry "POL"]
[SourceTitle "CBM 182 Extra"]
[Source "ChessBase"]
[SourceDate "2018.02.23"]
[SourceVersion "1"]
[SourceVersionDate "2018.02.23"]
[SourceQuality "1"]

1. c4 Nc6 2. Nc3 e5 3. g3 Bc5 4. Bg2 d6 5. e3 Nge7 6. Nge2 0-0 7. 0-0 Bg4 8. h3 Bh5 9. g4 Bg6 10. d4 exd4 11. exd4 Bb6 12. Be3 Rb8 13. Nf4 h6 14. a3 a5 15. b4 Qc8 16. b5 Nd8 17. c5 dxc5 18. dxc5 Ba7 19. Ncd5 Nxd5 20. Bxd5 Bh7 21. b6 1-0

[Event "St Petersburg Summer op"]
[Site "St Petersburg"]
[Date "2017.08.22"]
[Round "7"]
[White "Tihonov, Jurij"]
[Black "Iljiushenok, Ilia"]
[Result "0-1"]
[WhiteElo "2385"]
[BlackElo "2522"]
[PlyCount "94"]
[EventDate "2017.08.16"]
[EventType "swiss"]
[EventRounds "9"]
[EventCountry "RUS"]
[SourceTitle "CBM 180 Extra"]
[Source "ChessBase"]
[SourceDate "2017.10.06"]
[SourceVersion "1"]
[SourceVersionDate "2017.10.06"]
[SourceQuality "1"]

1. d4 Nf6 2. Nf3 g6 3. Bg5 Bg7 4. e3 d6 5. Be2 0-0 6. Bh4 c5 7. c3 h6 8. 0-0 g5 9. Bg3 Nh5 10. Nbd2 cxd4 11. cxd4 Nc6 12. Rc1 e5 13. dxe5 Nxg3 14. hxg3 dxe5 15. e4 Qe7 16. Nc4 Rd8 17. Qe1 Be6 18. a3 f5 19. exf5 Bxf5 20. Ne3 Bg6 21. Bc4+ Kh8 22. Nd5 Qd7 23. Rd1 e4 24. Nf4 Qf5 25. Nxg6+ Qxg6 26. Rxd8+ Rxd8 27. Qb1 Qh7 28. Nh2 Ne5 29. Be2 Qf5 30. g4 Qg6 31. Rd1 Rf8 32. b3 b5 33. Nf1 Qf7 34. Qxe4 Qxf2+ 35. Kh1 Ng6 36. Qe3 Qh4+ 37. Qh3 Qxh3+ 38. gxh3 Nf4 39. Bxb5 Nxh3 40. Kg2 Nf2 41. Rd7 Nxg4 42. Rxa7 h5 43. Re7 Rf2+ 44. Kg3 Rb2 45. Bc4 Ne5 46. Be6 h4+ 47. Kh3 g4+ 0-1

[Event "St Petersburg Summer op"]
[Site "St Petersburg"]
[Date "2017.08.17"]
[Round "2"]
[White "Ivanov, Sergei V"]
[Black "Tihonov, Jurij"]
[Result "0-1"]
[WhiteElo "2129"]
[BlackElo "2385"]
[PlyCount "112"]
[EventDate "2017.08.16"]
[EventType "swiss"]
[EventRounds "9"]
[EventCountry "RUS"]
[SourceTitle "CBM 180 Extra"]
[Source "ChessBase"]
[SourceDate "2017.10.06"]
[SourceVersion "1"]
[SourceVersionDate "2017.10.06"]
[SourceQuality "1"]

1. e4 c5 2. Nf3 a6 3. d4 cxd4 4. Nxd4 Nf6 5. Nc3 e5 6. Nde2 Bc5 7. Be3 Bxe3 8. fxe3 Qb6 9. Qd2 d6 10. 0-0-0 Be6 11. Kb1 Nc6 12. Ng3 0-0 13. Nd5 Bxd5 14. exd5 Ne7 15. Bc4 Ng4 16. Rhe1 f5 17. h3 Nf6 18. e4 f4 19. Nf1 Ng6 20. Nh2 Nh4 21. Bd3 Kh8 22. Qe2 g6 23. Nf1 Qg1 24. Rd2 f3 25. gxf3 Nh5 26. Nh2 Qg3 27. f4 Rxf4 28. Qd1 Qxh3 29. c4 Raf8 30. c5 dxc5 31. d6 Rd8 32. Bf1 Qe6 33. Rd3 Nf6 34. Bh3 Qc4 35. d7 Rxe4 36. Rf1 Rf4 37. Rd6 Kg7 38. Rxf6 Rxf6 39. Rxf6 Qe4+ 40. Ka1 Nf5 41. Bxf5 Qd4 42. Qg4 Kxf6 43. Be4 Rxd7 44. Nf3 Qd1+ 45. Bb1 Kg7 46. Qg3 Re7 47. Nh4 Re6 48. Qg5 Kf7 49. Qg2 e4 50. Qf2+ Rf6 51. Qxc5 Rf1 52. Qc4+ Kg7 53. Qxe4 Re1 54. Qxb7+ Kh6 55. Nf5+ gxf5 56. Qb6+ Kh5 0-1